KOHA-Header-6

R Projects for dummies (Record no. 12130)

000 -LEADER
fixed length control field 00307nam a22001337a 4500
020 ## - INTERNATIONAL STANDARD BOOK NUMBER
ISBN 978-81-265-7531-2
082 ## - DEWEY DECIMAL CLASSIFICATION NUMBER
Classification number 005.133
100 ## - MAIN ENTRY--AUTHOR NAME
Personal name Joseph Schmuller
245 ## - TITLE STATEMENT
Title R Projects for dummies
260 ## - PUBLICATION, DISTRIBUTION, ETC. (IMPRINT)
Place of publication New Delhi
Name of publisher Wiley Brand
Year of publication 2018
300 ## - PHYSICAL DESCRIPTION
Number of Pages 343
650 ## - SUBJECT ADDED ENTRY--TOPICAL TERM
Topical Term Computer Science
942 ## - ADDED ENTRY ELEMENTS (KOHA)
Koha item type Books
Holdings
Withdrawn status Lost status Collection code Permanent Location Current Location Shelving location Date acquired Full call number Accession Number Koha item type
    Computer Science MAJU MAJU Shelf No.A32 2019-10-30 005.133 9378 Computer Science

Powered by Koha